मामूली चीजों का देवता / (Record no. 116398)
[ view plain ]
| 000 -LEADER | |
|---|---|
| fixed length control field | 01191nam a22002897a 4500 |
| 003 - CONTROL NUMBER IDENTIFIER | |
| control field | dpl |
| 005 - DATE AND TIME OF LATEST TRANSACTION | |
| control field | 20180830140501.0 |
| 008 - FIXED-LENGTH DATA ELEMENTS--GENERAL INFORMATION | |
| fixed length control field | 180827b xxu||||| |||| 00| 0 eng d |
| 010 ## - LIBRARY OF CONGRESS CONTROL NUMBER | |
| LC control number | B-116998 |
| 020 ## - INTERNATIONAL STANDARD BOOK NUMBER | |
| Terms of availability | 295.00 |
| International Standard Book Number | 8126708409 |
| 035 ## - SYSTEM CONTROL NUMBER | |
| System control number | B-116998, B-117016,B-117019 |
| 037 ## - SOURCE OF ACQUISITION | |
| Source of stock number/acquisition | Cen Lib/Ret |
| 040 ## - CATALOGING SOURCE | |
| Original cataloging agency | DPL |
| Language of cataloging | HN |
| Transcribing agency | 0 |
| 082 ## - DEWEY DECIMAL CLASSIFICATION NUMBER | |
| Classification number | उ |
| Item number | रायअ |
| 100 ## - MAIN ENTRY--PERSONAL NAME | |
| Personal name | राय, अरुंधती |
| 9 (RLIN) | 43761 |
| 245 ## - TITLE STATEMENT | |
| Title | मामूली चीजों का देवता / |
| Statement of responsibility, etc | अरुंधती राय; अनुवादक नीलाभ |
| 246 ## - VARYING FORM OF TITLE | |
| Title proper/short title | Mamooli cheezon ka devta / |
| Remainder of title | by Arundhati Roy; anuvadak Nilabh |
| 260 ## - PUBLICATION, DISTRIBUTION, ETC. (IMPRINT) | |
| Place of publication, distribution, etc | नयी दिल्ली |
| Name of publisher, distributor, etc | राजकमल प्रकाशन |
| Date of publication, distribution, etc | 2004 |
| 270 ## - ADDRESS | |
| Address | 1-बी, नेता ज़ी सुभाष मार्ग |
| City | नयी दिल्ली |
| Postal code | 110002 |
| 300 ## - PHYSICAL DESCRIPTION | |
| Extent | 325पृ. |
| Dimensions | 21सेमी (सजिल्द) |
| 650 ## - SUBJECT ADDED ENTRY--TOPICAL TERM | |
| Topical term or geographic name as entry element | अंग्रेजी साहित्य |
| 9 (RLIN) | 66316 |
| 650 ## - SUBJECT ADDED ENTRY--TOPICAL TERM | |
| Topical term or geographic name as entry element | उपन्यास |
| 9 (RLIN) | 66317 |
| 650 ## - SUBJECT ADDED ENTRY--TOPICAL TERM | |
| Topical term or geographic name as entry element | English literature |
| 9 (RLIN) | 66318 |
| 650 ## - SUBJECT ADDED ENTRY--TOPICAL TERM | |
| Topical term or geographic name as entry element | Fiction |
| 9 (RLIN) | 8901 |
| 700 ## - ADDED ENTRY--PERSONAL NAME | |
| Personal name | नीलाभ |
| 9 (RLIN) | 6954 |
| 942 ## - ADDED ENTRY ELEMENTS (KOHA) | |
| Source of classification or shelving scheme | Dewey Decimal Classification |
| Koha item type | Hindi Books |
| Classification part | उ |
| Call number suffix | रायअ |
| Withdrawn status | Lost status | Damaged status | Not for loan | Home library | Current library | Date acquired | Source of acquisition | Cost, normal purchase price | Total Checkouts | Full call number | Barcode | Date last seen | Copy number | Cost, replacement price | Price effective from | Koha item type | Source of classification or shelving scheme | Collection code | Total Renewals | Date checked out |
|---|---|---|---|---|---|---|---|---|---|---|---|---|---|---|---|---|---|---|---|---|
| Central Library | Central Library | 24/08/2015 | Cen Lib/Ret | 295.00 | उ रायअ | B-116998 | 24/08/2015 | 1 | 295.00 | 24/08/2015 | Hindi Books | |||||||||
| Shahdara Branch | Shahdara Branch | 27/08/2018 | BPPD/PUB | 295.00 | 5 | उ रायअ | B-117016 | 31/12/2025 | 295.00 | 27/08/2018 | Hindi Books | Dewey Decimal Classification | Non-fiction | 3 | 16/12/2025 | |||||
| Tri Nagar | Tri Nagar | 30/08/2018 | BPPD/PUB | 295.00 | उ रायअ | B-117019 | 30/08/2018 | 295.00 | 30/08/2018 | Hindi Books | Dewey Decimal Classification | Fiction |
